书目信息 |
| 题名: |
工程力学实验
|
|
| 作者: | 张亦良 主编 | |
| 分册: | ||
| 出版信息: | 北京 北京工业大学出版社 2010 |
|
| 页数: | 194页 | |
| 开本: | 26cm | |
| 丛书名: | ||
| 单 册: | ||
| 中图分类: | TB12-33 , TB12 | |
| 科图分类: | ||
| 主题词: | 工程力学--实验--高等学校--教材 | |
| 电子资源: | ||
| ISBN: | 978-7-5639-2381-6 | |
| 000 | 01070nam0 2200253 450 | |
| 001 | 2359289820 | |
| 005 | 20231210162841.78 | |
| 010 | @a978-7-5639-2381-6@d26.00CNY | |
| 100 | @a20100918d2010 em y0chiy50 ea | |
| 101 | 0 | @achi |
| 102 | @aCN@b110000 | |
| 105 | @aak a 000yy | |
| 200 | 1 | @a工程力学实验@Agong cheng li xue shi yan@f主编张亦良 |
| 210 | @a北京@c北京工业大学出版社@d2010 | |
| 215 | @a194页@c图@d26cm | |
| 300 | @a“十二五”高等教育实验实践教学系列规划教材 | |
| 320 | @a有书目 | |
| 330 | @a本书包含了理论力学及材料力学的实验内容, 偏重于学生自主创新实验的特色, 全书采用模块化方式, 分为基本实验、综合设计实验、研究创新实验及简单的数值计算基础。全书共分为7章。第1章为绪论; 第2章为力学实验的基本设备及测试原理; 第3章为力学基本实验; 第4章为综合设计型实验; 第5章为研究创新型实验; 第6章为实验数据处理与误差分析基本理论; 第7章介绍了ANSYS计算分析的基本方法。 | |
| 606 | 0 | @a工程力学@x实验@x高等学校@j教材 |
| 690 | @aTB12-33@v5 | |
| 690 | @aTB12@v4 | |
| 701 | 0 | @a张亦良@Azhang yi liang@4主编 |
| 801 | 0 | @aCN@b湖北三新@c20101009 |
| 905 | @aBZT@dTB12@e14 | |
| 工程力学实验/主编张亦良.-北京:北京工业大学出版社,2010 |
| 194页:图;26cm |
| “十二五”高等教育实验实践教学系列规划教材 |
| ISBN 978-7-5639-2381-6:26.00CNY |
| 本书包含了理论力学及材料力学的实验内容, 偏重于学生自主创新实验的特色, 全书采用模块化方式, 分为基本实验、综合设计实验、研究创新实验及简单的数值计算基础。全书共分为7章。第1章为绪论; 第2章为力学实验的基本设备及测试原理; 第3章为力学基本实验; 第4章为综合设计型实验; 第5章为研究创新型实验; 第6章为实验数据处理与误差分析基本理论; 第7章介绍了ANSYS计算分析的基本方法。 |
| ● |
| 相关链接 |
|
|
|
正题名:工程力学实验
索取号:TB12/14
 
预约/预借
| 序号 | 登录号 | 条形码 | 馆藏地/架位号 | 状态 | 备注 |
| 1 | 2001575248 | 2001575248 | 辽三/辽宁北配(第三批)/1684/ [索取号:TB12/14] | 在馆 | |
| 2 | 2001575249 | 2001575249 | 辽三/辽宁北配(第三批)/1684/ [索取号:TB12/14] | 在馆 | |
| 3 | 2001575250 | 2001575250 | 辽三/辽宁北配(第三批)/1684/ [索取号:TB12/14] | 在馆 | |
| 4 | 2001575251 | 2001575251 | 辽三/辽宁北配(第三批)/1684/ [索取号:TB12/14] | 在馆 | |
| 5 | 2001575252 | 2001575252 | 辽三/辽宁北配(第三批)/1684/ [索取号:TB12/14] | 在馆 | |
| 6 | 2001575253 | 2001575253 | 辽三/辽宁北配(第三批)/1684/ [索取号:TB12/14] | 在馆 | |
| 7 | 2001575254 | 2001575254 | 辽三/辽宁北配(第三批)/1684/ [索取号:TB12/14] | 在馆 | |
| 8 | 2001575255 | 2001575255 | 辽三/辽宁北配(第三批)/1684/ [索取号:TB12/14] | 在馆 | |
| 9 | 2001575256 | 2001575256 | 辽三/辽宁北配(第三批)/1684/ [索取号:TB12/14] | 在馆 | |
| 10 | 2001575257 | 2001575257 | 辽三/辽宁北配(第三批)/1684/ [索取号:TB12/14] | 在馆 | |
| 11 | 2001575258 | 2001575258 | 辽三/辽宁北配(第三批)/1684/ [索取号:TB12/14] | 在馆 | |
| 12 | 2001575259 | 2001575259 | 辽三/辽宁北配(第三批)/1684/ [索取号:TB12/14] | 在馆 | |
| 13 | 2001575260 | 2001575260 | 辽三/辽宁北配(第三批)/1684/ [索取号:TB12/14] | 在馆 | |
| 14 | 2001575261 | 2001575261 | 辽三/辽宁北配(第三批)/1684/ [索取号:TB12/14] | 在馆 | |
| 15 | 2001575262 | 2001575262 | 辽三/辽宁北配(第三批)/1684/ [索取号:TB12/14] | 在馆 | |
| 16 | 2001575263 | 2001575263 | 辽三/辽宁北配(第三批)/1684/ [索取号:TB12/14] | 在馆 | |
| 17 | 2001575264 | 2001575264 | 辽三/辽宁北配(第三批)/1685/ [索取号:TB12/14] | 在馆 | |
| 18 | 2001575265 | 2001575265 | 辽三/辽宁北配(第三批)/1685/ [索取号:TB12/14] | 在馆 | |
| 19 | 2001575266 | 2001575266 | 辽三/辽宁北配(第三批)/1685/ [索取号:TB12/14] | 在馆 | |
| 20 | 2001575267 | 2001575267 | 辽三/辽宁北配(第三批)/1685/ [索取号:TB12/14] | 在馆 | |
| 21 | 2001575268 | 2001575268 | 辽三/辽宁北配(第三批)/1685/ [索取号:TB12/14] | 在馆 | |
| 22 | 2001575269 | 2001575269 | 辽三/辽宁北配(第三批)/1685/ [索取号:TB12/14] | 在馆 | |
| 23 | 2001575270 | 2001575270 | 辽三/辽宁北配(第三批)/1685/ [索取号:TB12/14] | 在馆 | |
| 24 | 2001575271 | 2001575271 | 辽三/辽宁北配(第三批)/1685/ [索取号:TB12/14] | 在馆 | |
| 25 | 2001575272 | 2001575272 | 辽三/辽宁北配(第三批)/1685/ [索取号:TB12/14] | 在馆 | |
| 26 | 2001575273 | 2001575273 | 辽三/辽宁北配(第三批)/1685/ [索取号:TB12/14] | 在馆 | |
| 27 | 2001575274 | 2001575274 | 辽三/辽宁北配(第三批)/1685/ [索取号:TB12/14] | 在馆 | |
| 28 | 2001575275 | 2001575275 | 辽三/辽宁北配(第三批)/1685/ [索取号:TB12/14] | 在馆 | |
| 29 | 2001575276 | 2001575276 | 辽三/辽宁北配(第三批)/1685/ [索取号:TB12/14] | 在馆 | |
| 30 | 2001575277 | 2001575277 | 辽三/辽宁北配(第三批)/1685/ [索取号:TB12/14] | 在馆 |